00000000cam 2200000zi 4500
0019.963093
003CaOODSP
00520260526140440
006m     o  d f      
007cr |n|||||||||
008260526t20202020oncabdo ob   f000 0 eng d
040 |aCaOODSP|beng|erda|cCaOODSP
043 |an-cn---
0861 |aM183-2/8712E-PDF
24500|aTargeted Geoscience Initiative 5 : |bcontributions to the understanding of Canadian gold systems / |cedited by P. Mercier-Langevin, C.J.M. Lawley, and S. Castonguay.
264 1|a[Ottawa] : |bGeological Survey of Canada, |c2020.
264 4|c©2020
300 |a1 online resource (iii, 328 pages) : |bfigures, maps, graphs, photographs.
336 |atext|btxt|2rdacontent
337 |acomputer|bc|2rdamedia
338 |aonline resource|bcr|2rdacarrier
4901 |aOpen file ; |v8712
504 |aIncludes bibliographical references.
650 0|aMines and mineral resources|zCanada.
650 0|aGold mines and mining|zCanada.
650 6|aRessources minérales|zCanada.
650 6|aOr|xMines et extraction|zCanada.
7001 |aMercier-Langevin, Patrick, |d1975- |eeditor.
7102 |aGeological Survey of Canada, |eissuing body.
830#0|aOpen file (Geological Survey of Canada)|v8712.|w(CaOODSP)9.506878
85640|qPDF|s191 MB|uhttps://publications.gc.ca/collections/collection_2026/rncan-nrcan/m183-2/M183-2-8712-eng.pdf
8564 |qHTML|sN/A|uhttps://doi.org/10.4095/323661